000 00573 a2200169 4500
003 Nust
005 20221129145256.0
040 _cNust
082 _a621.3815,LAR
100 _aLaurence Altman
_9103788
245 _aLarge Sacle Integration /
_cLaurence Altman
260 _aLondon
_bMc Graw-Hill
_c1976
300 _a208p
505 _aBipolar LSI (Page-1), MOS LIS (Page-50), New Devices (Page-79), LSI System Design (Page-117), Computer-Aided Design (Page-153), Testing (Page-176), LSI Applications (Page-193).
650 _aDigital Circuits
_957202
942 _2ddc
_cBK
999 _c182188
_d182188